All Champions League cities to ever have a team on a Map - Statistics

General Stats
  • This quiz has been taken 258 times
    220 since last reset
  • The average score is 75 of 121
Answers on the Map
Answers color-coded by a green-red scale on the quiz's map according to % correct below.
 
Answer Stats
Answer % Correct
Barcelona
94%
Lisbon
94%
Madrid
94%
Manchester
94%
Liverpool
93%
London
93%
Paris
93%
Marseille
91%
Rome
91%
Sevilla
91%
Amsterdam
90%
Milan
90%
Moscow
90%
Munich
89%
Porto
89%
Berlin
88%
Glasgow
88%
Turin
88%
Istanbul
86%
Valencia
86%
Copenhagen
85%
Kiev
85%
Lyon
85%
Naples
85%
Athens
84%
Brussels
84%
Saint Petersburg
84%
Stockholm
84%
Rotterdam
83%
Vienna
83%
Warsaw
83%
Dortmund
82%
Helsinki
82%
Zagreb
82%
Monaco
81%
Newcastle
81%
Prague
80%
Bilbao
79%
Leeds
79%
Bern
78%
Bucharest
78%
Hamburg
78%
Lille
78%
Sofia
78%
Budapest
77%
Malmo
76%
Bordeaux
74%
Belgrade
72%
Florence
72%
Leipzig
72%
Tel Aviv
72%
Donetsk
70%
Leicester
70%
Nicosia
70%
Palma
70%
Salzburg
70%
Zurich
70%
Malaga
69%
Basel
68%
Eindhoven
68%
Bratislava
66%
Stuttgart
66%
Bremen
65%
Brugge
65%
Baku
64%
Gothenburg
64%
A Coruna
63%
Astana
63%
Braga
63%
Nantes
63%
Split
61%
Montpellier
57%
Wolfsburg
55%
Bergamo
53%
Haifa
53%
Vigo
52%
Leverkusen
51%
Villarreal
51%
Kazan
50%
Liege
50%
Blackburn
49%
Cluj-Napoca
48%
Genk
48%
Gent
48%
Maribor
47%
Monchengladbach
46%
Graz
45%
Parma
45%
Plzen
44%
Udine
44%
Barysaw
43%
Rostov
43%
San Sebastian
43%
Alkmaar
42%
Trabzon
42%
Aalborg
41%
Gelsenkirchen
41%
Trondheim
41%
Lodz
39%
Lens
38%
Bursa
36%
Auxerre
33%
Molde
33%
Debrecen
32%
Kaiserslautern
32%
Kosice
32%
Hoffenheim
28%
Piraeus
26%
Larnaca
25%
Helsingborg
24%
Brondby
23%
Galati
23%
Heerenveen
21%
Razgrad
20%
Enschede
19%
Thun
19%
Zilina
19%
Tilburg
15%
Lier
13%
Urziceni
11%
Farum
5%
No matching quizzes found
Score Distribution
Percent of People with Each Score
Percentile by Number Answered
Your Score History
You have not taken this quiz since the last reset